Statystyki dla Państwa produkujące najwięcej pszenicy

Kliknij tutaj aby rozwiązać quiz!

Ogólne statystyki

  • Ten quiz został rozwiązany 25 razy
  • Średni wynik to 16 z 20

Statystyki odpowiedzi

Produkcja (tony)Państwo% Poprawnych
35 798 234Francja
100%
9 820 315Polska
100%
72 136 149Rosja
100%
24 652 840Ukraina
100%
131 447 224Chiny
95%
7 989 906Hiszpania
95%
99 700 000Indie
95%
51 286 540Stany Zjednoczone
95%
31 769 200Kanada
90%
20 263 500Niemcy
90%
20 941 134Australia
80%
20 000 000Turcja
80%
10 143 671Rumunia
75%
13 944 108Kazachstan
70%
18 518 045Argentyna
65%
8 800 000Egipt
65%
14 500 000Iran
65%
25 076 149Pakistan
65%
13 555 000Wielka Brytania
65%
7 320 620Maroko
40%

Rozkład punktacji

Percentyl według liczby udzielonych odpowiedzi

Procent ludzi z każdym wynikiem

Twoja historia wyników

Nie rozwiązałeś tego quizu